00269nam a2200097Ia 4500008004100000100001900041245004200060260004300102300000800145650001800153191201s2017 xx 000 0 und d aKEVAL, Krishan 0aMaithilisharan Gupt ki Shabd Sondarya aN. DelhibHaryana Granth Academyc2017 a184 aGeneral Books